[Event "POL-chT U20 2nd League"]
[Site "Sypniewo"]
[Date "2020.??.??"]
[Round "9.34"]
[White "Lapczynski, Jacek"]
[Black "Kacki, Stanislaw"]
[Result "0-1"]
[WhiteElo "1212"]
[BlackElo "1080"]
[PlyCount "112"]
[EventDate "2020.10.23"]
[EventType "team-swiss"]
[EventRounds "9"]
[EventCountry "POL"]
[SourceTitle "CBM 199 Extra"]
[Source "ChessBase"]
[SourceDate "2021.01.31"]
[SourceVersion "1"]
[SourceVersionDate "2021.01.31"]
[SourceQuality "1"]

1. d4 d5 2. c4 c6 3. Nf3 Nf6 4. Nbd2 Bf5 5. e3 e6 6. Nh4 Bg4 7. f3 Bh5 8. g3 Nbd7 9. Qb3 b6 10. Ng2 Bg6 11. Nf4 Bd6 12. Nxg6 hxg6 13. Kf2 Qc7 14. f4 Ng4+ 15. Kg2 g5 16. Be2 f5 17. Nf3 gxf4 18. exf4 Ndf6 19. Ne5 0-0-0 20. Qa4 Bxe5 21. dxe5 Ne4 22. h3 Nh6 23. cxd5 exd5 24. Be3 c5 25. Rac1 Nf7 26. b4 c4 27. Qb5 Kb7 28. Qa4 Rc8 29. b5 Rhd8 30. Bd4 Nh8 31. Qb4 Ng6 32. a4 Nf8 33. Qb2 Ne6 34. Bf3 N6c5 35. Bxe4 fxe4 36. Bxc5 Qxc5 37. e6 c3 38. Qe2 Qc4 39. Qxc4 Rxc4 40. f5 d4 41. h4 d3 42. Rhd1 Kc7 43. e7 Re8 44. Kf2 Rxe7 45. Ke3 Rd7 46. g4 c2 47. Rd2 Kd6 48. Rh2 Ke5 49. Kd2 Kd4 50. Rh3 Re7 51. Re3 Rb4 52. g5 Rb1 53. Rh3 e3+ 54. Rxe3 Rxe3 55. Rxb1 cxb1Q 56. f6 Re2# 0-1

[Event "POL-chT U20 2nd League"]
[Site "Sypniewo"]
[Date "2020.??.??"]
[Round "7.45"]
[White "Nowakowski, Maksymilian"]
[Black "Kacki, Stanislaw"]
[Result "0-1"]
[WhiteElo "1113"]
[BlackElo "1080"]
[PlyCount "59"]
[EventDate "2020.10.23"]
[EventType "team-swiss"]
[EventRounds "9"]
[EventCountry "POL"]
[SourceTitle "CBM 199 Extra"]
[Source "ChessBase"]
[SourceDate "2021.01.31"]
[SourceVersion "1"]
[SourceVersionDate "2021.01.31"]
[SourceQuality "1"]

1. d4 d5 2. c4 c6 3. Nc3 Nf6 4. Bg5 e6 5. cxd5 exd5 6. Nf3 Be7 7. e3 Bf5 8. Bd3 Bxd3 9. Qxd3 Nbd7 10. 0-0 0-0 11. Rfc1 h6 12. Bxf6 Nxf6 13. Rab1 a5 14. Ne5 Bd6 15. Qf5 Re8 16. Nd3 Qe7 17. Na4 Ne4 18. Nac5 Nd2 19. Ra1 Nc4 20. b3 Na3 21. Na4 Nb5 22. Nac5 Na3 23. Na4 Nb5 24. Nb6 Ra6 25. Nd7 Rd8 26. N7e5 a4 27. b4 Bxe5 28. Nxe5 f6 29. Ng6 Qf7 30. h4 0-1

[Event "Mazowiec-chT op 1819"]
[Site "Warsaw"]
[Date "2019.02.17"]
[Round "7.12"]
[White "Dlugokecki, Adam"]
[Black "Kacki, Stanislaw"]
[Result "1-0"]
[WhiteElo "1649"]
[BlackElo "1088"]
[PlyCount "99"]
[EventDate "2018.12.02"]
[EventType "team-swiss"]
[EventRounds "10"]
[EventCountry "POL"]
[SourceTitle "EXT 2020"]
[Source "ChessBase"]
[SourceDate "2019.10.17"]
[SourceVersion "1"]
[SourceVersionDate "2019.10.17"]
[SourceQuality "1"]

1. e4 c5 2. Nf3 g6 3. Nc3 Bg7 4. d4 cxd4 5. Nxd4 Nc6 6. Be3 Nf6 7. Be2 0-0 8. Qd2 d5 9. exd5 Nxd5 10. Nxd5 Qxd5 11. Bf3 Qd6 12. Nxc6 Qxd2+ 13. Bxd2 bxc6 14. 0-0-0 Bf5 15. Bxc6 Rfc8 16. Ba4 Rab8 17. c3 Rb7 18. Bb3 Rcb8 19. Bf4 e5 20. Bg5 a5 21. Rd2 a4 22. Bxa4 f6 23. Bb3+ Kf8 24. Be3 Ke7 25. Bc5+ Ke8 26. Ba4+ Kf7 27. Bb3+ Ke8 28. Rhd1 Bh6 29. Be3 Bxe3 30. fxe3 Ke7 31. Rd6 Rb6 32. Rxb6 Rxb6 33. Bc2 Be6 34. b3 Ra6 35. Kb2 Kf7 36. a4 Rc6 37. b4 Ra6 38. b5 Ra5 39. Ka3 Ke7 40. Kb4 Ra8 41. c4 Rc8 42. c5 Bd7 43. Bb3 f5 44. a5 f4 45. exf4 e4 46. a6 e3 47. Re1 Kd8 48. Rxe3 Kc7 49. Re7 Rd8 50. Be6 1-0

[Event "Mazowiec-chT op 1819"]
[Site "Warsaw"]
[Date "2018.12.09"]
[Round "4.24"]
[White "Kacki, Stanislaw"]
[Black "Strzemieczny, Jacek"]
[Result "0-1"]
[WhiteElo "1088"]
[BlackElo "1241"]
[PlyCount "98"]
[EventDate "2018.12.02"]
[EventType "team-swiss"]
[EventRounds "10"]
[EventCountry "POL"]
[SourceTitle "EXT 2020"]
[Source "ChessBase"]
[SourceDate "2019.10.17"]
[SourceVersion "1"]
[SourceVersionDate "2019.10.17"]
[SourceQuality "1"]

1. c4 e5 2. g3 c6 3. Nc3 d5 4. Nf3 e4 5. Nh4 Be7 6. Ng2 Nf6 7. d3 dxc4 8. dxc4 Qb6 9. Ne3 Nbd7 10. Bg2 Nc5 11. 0-0 Be6 12. Rb1 Rd8 13. Qc2 Rd4 14. b3 a5 15. Bb2 Rd7 16. Rfd1 0-0 17. Ba1 Rfd8 18. a3 Rxd1+ 19. Ncxd1 g6 20. Nc3 Bf5 21. Nxf5 gxf5 22. b4 axb4 23. axb4 Ne6 24. Na4 Qc7 25. c5 Nd4 26. Bxd4 Rxd4 27. Nb6 Qd8 28. Nc4 Qd5 29. Ne3 Qe6 30. Bh3 Ng4 31. Qc3 Bf6 32. Qa3 Rd8 33. Nxg4 fxg4 34. Bg2 Qf5 35. Qa7 e3 36. Rf1 exf2+ 37. Kh1 Rd7 38. Qb8+ Kg7 39. Qf4 Qxf4 40. gxf4 Bd4 41. h3 g3 42. Bf3 Be3 43. f5 Rd4 44. Rb1 Rxb4 45. Rf1 Rc4 46. Kg2 Bf4 47. h4 Rxc5 48. Kh3 Kf6 49. Be4 Rc3 0-1